Normal view
MARC view
- Escuela Nacional de Jurisprudencia (México)
Entry Nombre Corporativo
001 - NÚMERO DE CONTROL
- campo de control: 52695
003 - IDENTIFICADOR DE NUMERO DE CONTROL
- campo de control: MX-MxUPN
005 - FECHA Y HORA DE LA ÜLTIMA TRANSACCIÓN
- campo de control: 20240705105714.0
008 - DATOS DE LONGITUD FIJA
- campo de control de longitud fija: 240705|| aca||aabn a a|a d
040 ## - FUENTE DE CATALOGACIÓN
- Agencia original de catalogación: MX-MxUPN
- Lenguaje de catalogación: spa
- Agencia transcribe: MX-MxUPN
110 2# - ENCABEZAMIENTO - NOMBRE CORPORATIVO
- Nombre corporativo o de jurisdicción como elemento de entrada : Escuela Nacional de Jurisprudencia (México)
410 2# - MENCIÓN DE REFERENCIA “VÉASE” – NOMBRE DE ENTIDAD CORPORATIVA
- Corporate name or jurisdiction name as entry element: Universidad Nacional de México.
- Subordinate unit: Escuela Nacional de Jurisprudencia
410 2# - MENCIÓN DE REFERENCIA “VÉASE” – NOMBRE DE ENTIDAD CORPORATIVA
- Corporate name or jurisdiction name as entry element: Universidad Nacional Autónoma de México.
- Subordinate unit: Escuela Nacional de Jurisprudencia
410 1# - MENCIÓN DE REFERENCIA “VÉASE” – NOMBRE DE ENTIDAD CORPORATIVA
- Corporate name or jurisdiction name as entry element: México.
- Subordinate unit: Escuela Nacional de Jurisprudencia
670 ## - FUENTE EN LA QUE SE LOCALIZARON DATOS
- Cita de la fuente : La educación de los niños anormales : observaciones psicológicas e indicaciones prácticas, 1936:
- Información localizada: portada (sello de la Escuela Nacional de Jurisprudencia)
902 ## - CATALOGADOR
- Catalogador: Víctor Ruiz/050724
